000 00692cam a22002413a 4500
001 16491
003 PGUSA
005 20140828083342.0
008 050808s2005||||xxu|||||s|||||000 1 eng d
040 _aPGUSA
_beng
042 _adc
050 4 _aPS
100 1 _aBacheller, Irving,
_d1859-1950
245 1 0 _aVergilius :
_bA Tale of the Coming of Christ
_h[electronic resource] /
_cIrving Bacheller
260 _bProject Gutenberg,
_c2005
506 _aPublic domain in the USA.
516 _aElectronic text
653 _aJesus Christ -- Fiction
653 _aChristian fiction
830 0 _aProject Gutenberg
_v16491
856 4 0 _uhttp://www.gutenberg.org/ebooks/16491
942 _cEB
999 _c245746
_d245746